000 00702nam a2200241Ia 4500
003 OSt
005 20220918175959.0
006 a|||||r|||| 00| 0
007 ta
008 220917b |||||||| |||| 00| 0 eng d
024 _a20,092
037 _cTextual
040 _aARTS
_cARTS
_beng
041 _2eng
_aeng
082 _aO111,3:gN, K7
100 _aSandison Alan
_922631
245 0 _aWheel of empire
_b A study of the imperial idea in some late 19th and early 20th century fiction
260 _aLondon
_bMacmillan UK
_c1967
300 _aviii,213p.
_ccm.
650 _aENGLISH LITERATURE
942 _hO111,3:gN, K7
_cTEXL
_2CC
999 _c159858
_d159858